000 00644nam a2200229Ia 4500
003 OSt
005 20220923230711.0
006 a|||||r|||| 00| 0
007 ta
008 Pun
024 _a304,847
037 _cTextual
040 _aARTS
_cARTS
_bPun
041 _2Pun
_aPun
082 _aV236y7NLO, 153M4
100 _aਭੰਵਰ, ਹਰਬੀਰ ਸਿੰਘ
_9156315
245 0 _aਪੰਜਾਬ ਦਾ ਲੋਕ ਨਾਇਕ
260 _c1984
650 _aਭਾਰਤੀਯ ਇਤਿਹਾਸ
942 _hV236y7NLO, 153M4
_cTEXL
_2CC
999 _c386654
_d386654